[Event "Match 77__120'/40"]
[Site "Zürich"]
[Date "2024.??.??"]
[Round "15"]
[White "Super Forte C 6 MHz sel. 4"]
[Black "Mephisto Polgar sel. 5"]
[Result "1-0"]
[WhiteElo "2009"]
[BlackElo "1981"]
[Annotator "Utzinger,K"]
[PlyCount "76"]
[EventDate "2024.??.??"]
[SourceVersionDate "2024.04.21"]

{[%evp 0,76,28,25,30,33,33,30,18,18,55,13,13,0,0,0,0,0,10,4,22,22,41,47,35,45,41,41,42,7,40,22,41,41,142,-92,-98,-106,-106,-116,-89,-87,-66,-73,-56,-79,-80,-80,-82,-91,-72,-105,-106,-106,-86,-86,-86,-86,199,199,545,612,1171,1262,29979,29980,29981,29982,29983,29984,29985,29986,29987,29988,29989,29990,29991,29992,29993]} 1. e4 e6 {Match 120'/40 | Bediener: Rolf Bühler | 15. Partie: Weiss (Mephisto Polgar) gewinnt | Zwischenstand: 7,5-7,5 (50%) Gleichstand; hypothetisch: 8,0-7,0 (53,3%) für Super Forte C | Buchzüge total: Super Forte C = 163, Mephisto Polgar = 155 | Aus dem Eröffnungsbuch gerät der Mephisto Polgar mit der Französischen Verteidigung in eine schlechte Stellung. Sein Gegner findet jedoch im kritischen Moment den Gewinnzug nicht. Und so ist es nicht mehr als gerecht, dass der Vorteil mit einer gefährlichen Bauernmasse auf den c- und d-Linien beim Programm von Ed Schröder bleibt. Allerdings nicht für lange, denn mit dem Fehler 28...Le8? macht sich Schwarz alles zunichte und gerät in eine verlorene Stellung. Der Super Forte C bedankt sich und führt seinen Angriff stilsicher zum Sieg.} 2. d4 d5 3. Nc3 Nf6 4. e5 Nfd7 5. f4 c5 6. Nf3 Nc6 7. Be3 {Dieser Zug stammt von Isaac Boleslavsky (9.6.1919 - 15.2.1977), ein ukrainischer top GM, dessen Tochter Tatiana seinen Freund, das Schachgenie David Bronstein heiratete.} Qb6 {Eine heute als fragwürdig erachtete Variante.} 8. Na4 Qa5+ 9. c3 cxd4 $2 {Wie die Statistik zeigt, ist dieser Tausch nicht zu empfehlen. Die weisse Gewinnquote im menschlichen Schach liegt über 60%. Dazu habe ich 33 Computerpartien gefunden mit dem Ergebnis 22 Pkt oder 66,6% (+16 =12 -5).} (9... b6 $5 {scheint der einzige spielbare Zug zu sein.} 10. Bd2 c4 11. b4 Nxb4 12. cxb4 Bxb4 13. Qc2 (13. Bxb4 Qxb4+ 14. Kf2 b5 15. Nc5 Nxc5 16. dxc5 Qxc5+ 17. Qd4 $11 {½-½ (92) Niemann,H (2667)-Chigaev,M (2615) Chess.com INT 2023}) 13... Bxd2+ 14. Nxd2 b5 15. Nc3 {1-0 (57) Andreikin,D (2729)-Chigaev,M (2617) Chess.com INT 2023}) (9... c4 {hat auch keinen guten Ruf} 10. b4 Qc7 11. Be2 $16) 10. b4 Nxb4 (10... Qc7 {bringt keine besseren Ergebnisse.}) 11. cxb4 Bxb4+ 12. Bd2 Bxd2+ (12... g5 13. Kf2 Bxd2 14. Nxd2 b5 15. Nb2 {1-0 (50) Mephisto III S Glasgow-Mephisto Mondial II Warsingsfehn 2020}) (12... f6 13. Nxd4 fxe5 14. Nxe6 Ke7 15. Nxg7 Bxd2+ 16. Qxd2 Qxa4 17. Nf5+ Ke6 {1-0 (53) Saitek D+ EGR 8 MHz (2022)-Mephisto Explorer Pro (2024) Zurich 2017}) (12... b6 13. Nb2 Bb7 14. Nxd4 {1-0 (63) Lyon 68020-Saitek X 1993}) 13. Nxd2 b6 {***ENDE BUCH***} (13... g5 14. g3 Rg8 15. Bd3 gxf4 16. gxf4 Nf8 17. Rc1 {1-0 (45) Roma 68000-Super Mondial 1988}) 14. Bd3 {Für diese Stellung zeigt die Statistik eine weisse Gewinnquote von 73% - 76%, während Stockfish 16.1 einen Erwartungswert von 88% (+76% =24% -0%) ausgibt.} Nc5 (14... Ba6 15. Nb2 Nc5 16. Bxa6 Qxa6 17. Qe2 d3 18. Qf2 {1-0 (69) Vancouver 68020-Fritz1 486/25 1992}) 15. Nxc5 bxc5 16. O-O {***ENDE BUCH***} {[#]} c4 $2 {[%mdl 2] Die schwarzen Freibauern sehen zwar furchterregend aus. Aber der Textzug ist schlicht schlecht und als Verlustzug zu taxieren.} 17. Qc1 $2 {Verpasst die Widerlegung mit 17.Lxc4 und gerät gar in Nachteil.} (17. Bxc4 $1 dxc4 18. Nxc4 Qc5 (18... Qb4 19. Nd6+ Kf8 20. Qh5 {1-0 (37) Scorpio 68000 sel. 4 (2080)-Mephisto MM V HG 550 (1995) Zürich 2020}) (18... Qd5 19. Nd6+ Kf8 20. Qh5 {1-0 (27) ChessGenius Pro-Mephisto Polgar Revelation II AE 2019}) 19. Nd6+ {1-0 (25) Vancouver 68000 (2241)-Mephisto Polgar (2027) 2020} Kd7 20. Rc1 {1-0 (29) Diablo 1.02-Mephisto Polgar 1991}) 17... Ba6 {Die beste Antwort war 17...0-0, weil das Opfer 18.Lxc4 mit dem rochierten König ungenügend ist.} 18. Re1 $6 {So bleibt Schwarz im Vorteil.} (18. f5 {sichert den Ausgleich, z.B.} O-O (18... cxd3 $4 19. Qc6+) 19. f6 $1 cxd3 20. fxg7 Kxg7 21. Qe1 Kh8 22. Rf6 $11) 18... O-O 19. Bf1 Rfc8 $6 {Der Mephisto Polgar nutzt nicht alle seine Möglichkeiten.} (19... d3 {ist noch stärker mit guten Gewinnchancen für Schwarz.} 20. Nf3 Qb6+ (20... Rac8 21. Rd1 Qc5+ 22. Kh1 d4 $17 {mit spürbarem Vorteil für Schwarz.}) 21. Kh1 Rab8 22. Qa3 Rfc8 $19 {und Schwarz hat eine positionelle Gewinnstellung}) 20. Nf3 d3 {Es sieht aber auch so nicht schön aus für Weiss.} 21. Qe3 Bb5 22. Rec1 Rab8 23. Rab1 a6 24. Qd4 Ba4 25. Qa7 Rxb1 26. Rxb1 Bb5 27. f5 {Der beste Versuch, gegen die drohende Niederlage einige Schwindelchancen zu erlangen.} exf5 $6 {Kommt dem Gegner entgegen. Entschieden hätte 27...d2 und Weiss bliebe ohne Verteidigung. Die damit verbundenen Varianten sind indessen nichts für unsere Oldies.} (27... d2 $1 28. Kf2 (28. a4 c3 $1 $19) 28... Qxa2 29. Rd1 Qb3 30. Rxd2 c3 31. fxe6 fxe6 32. Bxb5 cxd2 33. Qxa6 Qc2 34. Qxe6+ Kh8 35. Ba4 d1=Q+ 36. Bxc2 Rxc2+ 37. Kg3 h6 $19) 28. Nd4 $17 {[#]} Be8 $2 $18 {[%mdl 2] Dramatisch: Der Mephisto Polgar stolpert damit von einer klar besseren in eine verlorene Stellung. Nach dem fehlerhaften Rückzug des Läufers werden die weissen Figuren auf einen Schlag tödlich aktiv gegen den schlecht geschützten König von Schwarz.} (28... Qc7 $1 29. Qxc7 Rxc7 $17 {und es ist nur Schwarz, der auf Gewinn spielen kann.}) 29. Nxf5 Rd8 (29... Qc5+ {rettet nicht mehr wegen} 30. Qxc5 Rxc5 31. Rb8 {droht Matt und der gefesselte Läufer geht verloren} Kf8 32. Nd6 Ke7 33. Rxe8+ Kd7 34. Kf2 $18) 30. e6 {Dieser Bauer ist wegen Dxg7 Matt tabu.} Qa3 $2 {Dieser Fehler beschleunigt das Ende, weil der Super Forte C einen Mattangriff einleiten kann.} 31. Qc7 Ra8 32. exf7+ Bxf7 33. Rb8+ Qf8 (33... Rxb8 34. Qxb8+ Be8 (34... Qf8 35. Ne7+ Kh8 36. Qxf8+) 35. Qxe8+ Qf8 36. Ne7+ Kh8 37. Qxf8#) 34. Rxf8+ Kxf8 (34... Rxf8 35. Qe5 d2 36. Qxg7#) 35. Qd6+ Kg8 36. Qe5 Kf8 37. Qxg7+ Ke8 38. Qe5+ {Matt in 4 Zügen} Kd7 {***AUFGEGEBEN***} 1-0

[Event "Match 77__120'/40"]
[Site "Zürich"]
[Date "2024.??.??"]
[Round "17"]
[White "Super Forte C 6 MHz sel. 4"]
[Black "Mephisto Polgar sel. 5"]
[Result "1/2-1/2"]
[WhiteElo "2009"]
[BlackElo "1981"]
[Annotator "Utzinger,K"]
[PlyCount "114"]
[EventDate "2024.??.??"]
[SourceVersionDate "2024.04.21"]

{[%evp 0,114,25,36,29,23,33,39,13,30,28,47,56,53,17,26,19,21,21,19,20,13,16,15,14,0,14,-8,-5,5,11,-5,25,8,7,6,14,15,32,15,22,22,1,-2,-7,0,-11,-9,-11,-6,-1,0,8,0,7,-29,19,-20,32,-7,-10,2,44,28,51,8,45,42,18,36,32,30,49,45,47,29,28,29,61,89,106,102,87,72,72,63,65,50,50,50,82,49,71,47,91,64,38,53,33,19,22,19,0,-5,0,0,0,0,0,0,0,0,0,0,0,0,0]} 1. e4 e6 {Match 120'/40 | Bediener: Rolf Bühler | 17. Partie: Remis | Zwischenstand: 9,0-8,0 (52,9%) für Mephisto Polgar; hypothetisch: 8,5-8,5 (50%) Gleichstand | Buchzüge total: Super Forte C = 194, Mephisto Polgar = 181 | In einer ausgesprochen ruhigen Partie, Französische Verteidigung, Tarrasch Variante, agieren beide Programme ohne einen einzigen Fehler. Das schliessliche Remis entspricht somit durchaus dem Spielverlauf.} 2. d4 d5 3. Nd2 c5 4. exd5 Qxd5 5. Ngf3 cxd4 6. Bc4 Qd6 7. O-O Nf6 8. Nb3 Nc6 9. Nbxd4 Nxd4 10. Nxd4 (10. Qxd4 {Das ist weitaus weniger populär und wird vor allem von Spielern geschätzt, die sich Hoffnung auf ein leicht besseres Endspiel machen.} Qxd4 11. Nxd4 Bd7 $11) {Nun gibt es drei bekannte Fortsetzungen.} 10... a6 {***ENDE BUCH***} (10... Be7 {Solid à la Petrosjan und heute auch von Anish Giri gespielt.}) (10... Bd7 {Ein rascher Entwicklungszug, der auch die lange Rochade ermöglicht. Aus Sicht von Viktor Moskalenko verdient diese Fortsetzung den Vorzug gegenüber dem früher fast ausschliesslich gespielten 10...a6 wie in dieser Partie.}) 11. Bb3 {***ENDE BUCH***} Be7 {Gebräuchlichere Alternativen sind:} (11... Qc7 {mit der Idee, Ld6, b5 und Lb7 folgen zu lassen}) (11... Bd7 {um rasch die lange Rochade in petto zu haben.}) 12. Ne2 {Kein Fehler, aber für Kenner ein "komischer" Zug, der übrigens bei Stockfish 16.1 unter den ersten 6 besten Fortsetzungen Te1, c3, h3, Lg5, Le3 und a4, nicht auftaucht.} Qc7 13. Qd4 {Fortsetzung der "komischen" Spielweise. Nach 12.Se2 war nun 13.Lf4 zu erwarten. Aber Weiss kann sich das erlauben, ohne in Nachteil zu geraten.} Bd6 {Entwicklung mit Tempo bzw. Angriff auf den Bauern h2.} 14. Qh4 {Die Alternative ist 14.h3. Nach dem Textzug muss sich Schwarz entscheiden, ob er die kurze oder lange Rochade anstreben will. Im weitesten Sinne eine Frage des Geschmacks. Aktive Spieler tendieren natürlich zu gegensätzlichen Rochaden nach dem Motto, wer kommt zuerst mit seinem Königsangriff.} O-O {Schwarz wählt den soliden Weg.} 15. Rd1 Bd7 16. c3 {Macht das Feld c2 frei für den Läufer, der dann nach h7 schielt.} Bc6 17. Nd4 Bd5 18. Bg5 Ne4 19. Nxe6 Bxe6 ({Selbst} 19... fxe6 $6 {sieht noch spielbar aus} 20. Rxd5 Nxg5 21. Rxg5 {und Weiss hat einen Bauern gewonnen, denn} Be7 {wird mit} 22. Qg3 {beantwortet} Qxg3 23. Rxg3 {aber nach} Bh4 24. Bxe6+ Kh8 25. Rd3 Bxf2+ 26. Kh1 b6 $13 {liegt ein vielleicht möglicher Gewinn für Weiss in weiter Ferne.}) 20. Qxe4 Bxh2+ 21. Kh1 Rae8 {Der andere Turm nach e8 sieht logischer aus und ist harmonischer für das schwarze Figurenspiel.} 22. Bc2 f5 {Setzt seine Bauernmehrheit in Bewegung. Das sieht nun mit den Türmen auf e8 und f8 konsequenter aus als 22...g6, womit die dunklen Felder im schwarzen Lager geschwächt werden.} 23. Qh4 Bd6 {Gleichwertig sieht 23...Le5 aus.} 24. Kg1 b5 25. Re1 h6 26. Bd2 Be5 27. Qh5 Re7 28. Rad1 Rf6 29. Bb3 Bxb3 30. axb3 Rff7 31. Bc1 a5 32. Be3 Bd6 33. Re2 Qc6 34. Bd4 Rxe2 35. Qxe2 Bf4 36. c4 b4 $11 {Noch immer ist das Spiel ausgeglichen.} 37. Re1 Kh7 38. Qh5 g6 $6 {Weniger verpflichtend war 38...Kg8, denn nun gelangt Weiss in Vorteil.} 39. Qe2 Bg5 $6 {Der Läufer erwischt die falsche Diagonale. Er sollte nach d6 ziehen, c4-c5 verhindern, um nach dem allfälligen Damentausch seinen a-Bauern mit Lc7 decken zu können.} 40. Qe8 Qxe8 41. Rxe8 Bf6 {Erzwungen, um Th8 abzuwehren.} 42. Bxf6 Rxf6 43. Re7+ Kg8 $14 {In diesem Endspiel steht Weiss etwas besser mit seinem Freibauern auf der c-Linie und der Schwäche des schwarzen a5-Bauern.} 44. Kf1 f4 $1 {Die beste Fortsetzung, denn nun kann auf 45.Ke2 f3+ 46.gxf3 h5 folgen und Schwarz hat auch einen Freibauern.} 45. Ra7 $6 {Damit ist kein Blumentopf zu gewinnen. Weiss hätte den schwarzen Turm mit 45.Te5 Ta5 etwas in abseits manövrieren sollen.} Rf5 46. Ke2 f3+ $1 {Nun ist der Ausgleich endgültig wieder hergestellt.} 47. gxf3 h5 48. f4 h4 49. Ra8+ Kg7 50. Kf3 g5 51. Kg4 Rxf4+ 52. Kxg5 h3 53. Kxf4 h2 {Sieht es nun nicht böse aus für Weiss?} 54. Ra7+ {Nein, denn der schwarze König kann sich vor den Seitenschachs des weissen Turms nicht retten, ohne seinen h2-Bauern zu verlieren und in eine verlorene Stellung zu geraten. Schwarz muss deshalb dem gegnerischen Turm einzig den Zutritt zu den Feldern h8, h7 oder h6 verwehren.} Kg8 55. Ra8+ Kg7 56. Ra7+ Kg8 57. Ra8+ Kg7 {***3x REMIS***} 1/2-1/2

[Event "Match 77__120'/40"]
[Site "Zürich"]
[Date "2024.??.??"]
[Round "18"]
[White "Mephisto Polgar sel. 5"]
[Black "Super Forte C 6 MHz sel. 4"]
[Result "0-1"]
[WhiteElo "1981"]
[BlackElo "2009"]
[Annotator "Utzinger,K"]
[PlyCount "137"]
[EventDate "2024.??.??"]
[SourceVersionDate "2024.04.21"]

{[%evp 0,137,19,38,25,16,14,26,-11,7,31,-2,-2,0,5,-35,-43,-27,-26,-58,1,7,21,-19,11,-10,-17,11,21,12,22,-9,17,-67,-27,-52,-52,-72,-48,-48,-10,-11,1,-51,-55,-90,-75,-118,-69,-80,-84,-76,-37,-106,-51,-54,-54,-73,-70,-85,-88,-99,-106,-93,-98,-97,-82,-117,-86,-88,-51,-72,0,-9,-14,-37,-61,-82,-59,-71,-71,-76,-50,-61,-44,-125,-127,-177,-123,-129,-135,-174,-171,-180,-179,-194,-194,-194,-225,-280,-289,-373,-293,-382,-377,-377,-450,-668,-835,-923,-890,-931,-410,-531,-531,-637,-637,-674,-715,-876,-922,-929,-982,-999,-999,-1004,-1007,-1024,-1014,-1024,-1024,-1034,-1034,-29987,-29980,-29991,-29990,-29991,-29992,-29993]} 1. e4 e5 {Match 120'/40 | Bediener: Rolf Bühler | 18. Partie: Schwarz (Super Forte C gewinnt | Zwischenstand: 9,0-9,0 (50%) Gleichstand; hypothetisch: 9,5-8,5 (52,7%) für Super Forte C | Buchzüge total: Super Forte C = 202, Mephisto Polgar = 187 | Aus der Schottischen Eröffnung, Potter Variante, ergeben sich gegenseitige Rochaden. Vielfach agiert der mit Weiss spielende Mephisto Polgar nicht optimal, auf jeden Fall ungünstiger als sein Gegner. Der schliesslich im Endspiel erkämpfte Sieg des Super Forte C geht in Ordnung.} 2. Nf3 Nc6 3. d4 exd4 4. Nxd4 Bc5 5. Nb3 Bb6 6. Nc3 {***ENDE BUCH***} Nf6 7. Bg5 h6 8. Bh4 d6 {***ENDE BUCH***} 9. Bd3 Nb4 {Unnötige Künstelei.} (9... Be6 {Gegen diesen normalen Entwicklungszug sprach gar nichts.}) 10. Bb5+ (10. a3 Nxd3+ 11. Qxd3 $14 {ist zumindest keine schlechtere Alternative.}) 10... c6 11. Bc4 {Hier hat der Läufer nichts verloren, muss er doch nach dem kommenden Vorstoss d6-d5 wieder verschwinden.} g5 12. Bg3 d5 13. exd5 Nbxd5 14. Qe2+ Be6 (14... Qe7 {ist präziser} 15. Qxe7+ Kxe7 $11) 15. O-O-O O-O 16. Na4 $6 {Das bringt gar nicht. Weiss hätte sich auf die Schwächung der schwarzen Königsstellung durch 16.h4 usw. konzentrieren sollen.} Bg4 17. f3 Re8 18. Qf1 Be3+ $15 {Innert weniger Züge hat sich die die schwarze Stellung spürbar verbessert.} 19. Kb1 b5 {Hier sind 19...Lh5 oder 19...Lf5 wirksamer.} 20. Bxd5 Nxd5 (20... bxa4 $2 {wäre ein Riesenbock} 21. Bxf7+ Kxf7 22. Rxd8 $18 {und gewinnt}) 21. fxg4 bxa4 22. Nd4 $2 {[%mdl 2] Verlustzug, aber wohl durch den Mephisto Polgar nicht zu erkennen.} (22. c4 axb3 23. axb3 $11) 22... a3 $1 {Die beste Fortsetzung, aber wohl nur per Zufall gefunden, was sich sofort zeigen wird.} 23. Qd3 {Die beste, aber völlig ungenügende Verteidigung ist noch 23.Da6 axb2 gemäss Stockfish 16.1.} ({Stockfish 16.1:} 23. Qa6 axb2 24. Ne2 Qb6 25. Qd3 Rad8 26. Nc3 Nf6 27. Qc4 Bd2 28. Rhf1 Rd4 29. Na4 Qd8 30. Qb3 Re3 31. Qxb2 Nxg4 32. c3 Bxc3 33. Nxc3 Rxc3 34. Qxc3 Rxd1+ 35. Rxd1 Qxd1+ 36. Kb2 Qd5 37. Qf3 Qd4+ 38. Kb3 Qb6+ 39. Kc3 Ne3 40. Qe4 Nd5+ 41. Kc2 Qc5+ 42. Kb2 Qc3+ 43. Kb1 Qd2 44. Be5 Nc3+ 45. Bxc3 Qxc3 46. g4 Kg7 47. h3 c5 48. Qe8 a6 49. Qe2 a5 {[%eval -380,31] [%wdl 0,0,1000]}) 23... Bxd4 $2 {[%mdl 32768] Macht sich praktisch seinen ganzen Vorteil kaputt. Somit ist klar, dass das Programm von David Kittinger den vorhergehenden Zug aus dem falschen Grund entkorkt hatte.} (23... Qb6 $1 {war der Gewinnzug} 24. Nb3 a5 {Gegen ...a5-a4 lässt sich nichts erfinden} 25. Rhf1 Qb7 (25... a4 {ist zwar noch genauer, aber äusserst kompliziert nach} 26. Rxf7 Kxf7 27. Qh7+) 26. c4 Nf4 27. Qd7 Qa6 (27... Qb6 28. Bxf4 Bxf4 29. Qd4 c5) 28. Qd6 Qxc4 29. Qxa3 Qe4+ 30. Ka1 Qxg2 31. Nd2 Rab8 32. Bxf4 Bxf4 33. Qf3 Re2 34. Qxg2 Rxg2 35. Nc4 Rxg4 36. Nxa5 Rg2 37. Nc4 Rxh2 $19) 24. Qxd4 axb2 25. Qxb2 {Die Öffnung der b-Linie ist heikel; zudem läuft der Bauer nicht weg, so dass Weiss sinnvoller 25.The1 gespielt hätte.} Qb6 {Hier ist 25...Te3 stärker.} (25... Re3 $1 {Es droht ...Txg3!, hxg3 Tb8 mit Eroberung der weissen Dame.} 26. Ka1 Re2 {Sehr lästig und gewinnt einen Bauern.} 27. Rhg1 (27. Rhe1 Rxg2 $17) 27... Qc8 $17 {Geht aus der Fesslung des Td1 mit der Doppeldrohung ...Dxg4 und ...Se3.}) 26. Rd3 Qxb2+ 27. Kxb2 Re2 {Das hat nun nicht mehr die gleich starke Wirkung.} 28. Re1 Rxg2 {Stockfish 16.1 zeigt einen Erwartungswert für Weiss an von 49% (+0% =98% -2%) und somit nur ganz minimalen Gewinnchancen für Schwarz.} 29. Rd4 $6 {ungenau} ({Stockfish 16.1: 1)} 29. a3 f6 30. Kc1 Kf7 31. Rf3 Rc8 32. c4 Nb6 33. Ref1 Nd7 34. Rd1 Nc5 35. Rf2 Rxf2 36. Bxf2 Nb3+ 37. Kc2 Na5 38. Bxa7 Nxc4 39. Bc5 Ra8 40. Kb3 Ne5 41. h3 h5 42. gxh5 Rh8 43. a4 Rxh5 44. a5 Rxh3+ 45. Kc2 Nc4 46. Ra1 Nxa5 47. Rxa5 Kg6 48. Bd4 f5 49. Rc5 Rf3 50. Rc3 Rf4 51. Kd3 Kh5 52. Rxc6 Rh4 53. Bg7 Rh3+ 54. Kd2 f4 {[%eval -17,43] [%wdl 2,983,15]}) ({Stockfish 16.1: 2)} 29. Kc1 Nb4 30. Rd7 Rxc2+ 31. Kb1 Rc3 32. Rf1 Rf8 33. Bd6 Rd3 34. a3 Nd5 35. Rxa7 Nc3+ 36. Kc2 Rxd6 37. Kxc3 Re6 38. Rf3 Kg7 39. a4 Kg6 40. a5 f6 41. a6 c5 42. Rf1 Rd8 43. Ra1 Rd4 44. Rc7 Re3+ 45. Kc2 Rxg4 46. Rd7 Rg2+ 47. Rd2 Rxd2+ 48. Kxd2 Re8 49. Kd3 f5 50. a7 Ra8 51. Kc4 f4 52. Kxc5 f3 53. Kd4 f2 54. Rf1 Rxa7 55. Ke3 Ra2 56. Rxf2 Ra3+ 57. Ke2 {[%eval -21,42] [%wdl 2,980,18]}) 29... a5 30. Kb3 $6 {Am besten war 30.a3, was dem Springer das Feld b4 verwehrt.} Ra7 31. Rc4 Rb7+ 32. Ka3 Nb4 $6 {Danach ist die Partie bei weitem noch nicht gelaufen, denn die Verwertung des schwarzen Mehrbauern ist eine schwierige, wenn nicht gar unmögliche Aufgabe. Stockfish 16.1 meint, dass Schwarz nach 32...Kh7 noch eine Gewinnchance von 98% habe.} 33. Rc1 $2 {[%mdl 2] Passive Verteidigung ist, wie auch hier, selten die beste Methode.} (33. Ka4 Nxc2 34. Re8+ Kg7 35. a3 f6 36. Rxc6 $11) 33... f6 34. Bd6 h5 $6 {[%mdl 32768] Schwarz verdirbt sich damit seine Chancen auf den Sieg, was gemäss Stockfish 16.1 mit 34...Kg7 der Fall wäre.} 35. gxh5 Rd2 36. Bxb4 axb4+ 37. Kb2 $2 {[%mdl 2] Weshalb der Mephisto Polgar auf das Schlagen des Bauern b4 verzichtet, müsste untersucht werden. Das holländische Programm hat offenbar nicht berücksichtigt, dass es wichtig war, möglichst schnell seinen a-Bauer als Freibauer zu etablieren.} (37. Rxb4 Ra7+ 38. Ra4 Rxa4+ 39. Kxa4 Rxh2 40. Kb4 g4 41. a4 Rxh5 42. Ra1 g3 43. Rg1 Rg5 44. a5 Kh7 45. a6 Rg7 46. Kc5 f5 47. a7 Rxa7 48. Rxg3 $11 {und das Endspiel ist Remis}) 37... Rxh2 38. Rxc6 Kg7 39. Rf1 Rf7 40. Rc4 Rxh5 41. Rxb4 f5 42. Rf2 {Obwohl Weiss die Niederlage nicht mehr abwenden kann, ist das ein Schnapszug erster Güte und verliert ein wichtiges Tempo. Selbst in schlechter Lage muss man stets die zähest mögliche Verteidigung suchen und alle potenziellen Chancen ergreifen. Deshalb war hier natürlich der Vormarsch eines Freibauern mit z.B. 42.a4 angezeigt.} g4 43. Rbf4 Rg5 44. Rg2 Kf6 45. Rf1 g3 46. Rf3 Rfg7 47. Kb3 (47. a4 Rg4 48. a5 f4 49. Kb3 Kf5 50. Rd3 R4g5 51. Rg1 Kg4 $19) 47... Ke5 48. Re2+ Kd5 49. Re1 g2 {Gegen die zwei verbundenen Freibauern ist Weiss völlig hilflos.} 50. Rd3+ Kc5 51. Rc3+ Kb6 52. Rg1 f4 53. Rc4 Rf5 54. Rb4+ Kc6 55. Rc4+ Kd6 56. Rd4+ Ke6 57. Rd2 f3 58. Rf2 Ke5 59. Kb4 Ke4 60. Re1+ Kf4 61. Rd2 g1=Q 62. Rxg1 Rxg1 {Damit ist Weiss endgültig erledigt.} 63. Kc3 Ke4 64. Rf2 Ke3 65. Rxf3+ Rxf3 66. a3 Ke4+ 67. Kb2 Rg5 68. a4 Kd4 69. Kc1 {***AUFGEGEBEN***} 0-1